Szczegóły MARC21

Access - SQL Server : przenoszenie aplikacji /

003 -Nazwa inst., której nr kontr. jest w polu 001 [,]
    • @
    • Nazwa instytucji, której n kontrolny jest w polu 001
    • NUKAT
005 -DATA I CZAS OSTATNIEJ MODYFIKACJI [,]
    • @
    • pole kontrolne
    • 20241231094653.0
020 -Międzynarod. znormalizowany nr książki - ISBN [ , ]
    • a
    • Numer ISBN
    • 8372791503 Find
040 -Instytucja sporządzająca opis [ , ]
    • a
    • Instytucja, która sporządziła opis (NP)
    • KR 122/TZ
    • c
    • Instytucja, która sporządziła rekord (NP)
    • KR 122/TZ
    • d
    • Instytucja, która zmodyfikowała rekord (P)
    • KR 122/MN
    • d
    • Instytucja, która zmodyfikowała rekord (P)
    • Ł U/MSs
041 -Język dokumentu [1, ]
    • a
    • Język tekstu (P)
    • polski
    • h
    • Język tekstu oryginalnego i/lub pośredniego (P)
    • angielski
942 -Rodzaj dokumentu [ , ]
    • c
    • Rodzaj dokumentu
    • Książka
100 -Hasło główne - nazwa osobowa [1, ]
    • a
    • Nazwa osobowa (NP)
    • Sinclair, Russell.
    • 9
    • KHW
    • 731735
245 -Strefa tytułu i oznaczenia odpowiedzialności [1,0]
    • a
    • Tytuł
    • Access - SQL Server : Find
    • b
    • Ciąg dalszy tytułu (NP)
    • przenoszenie aplikacji / Find
    • c
    • Pozostałe elementy strefy tytułu i oznaczenia odpowiedzialności (NP)
    • Russell Sinclair ; przekł. z jęz. ang. Andrzej Zieliński.
246 -Wariant tytułu [1, ]
    • i
    • Tekst wyświetlany na ekranie monitora (NP)
    • Tyt. oryg.:
    • a
    • Tytuł (NP)
    • From Access to SQL Server
260 -Strefa adresu wydawniczego [ , ]
    • a
    • Miejsce wydania (P)
    • Warszawa :
    • b
    • Nazwa wydawcy (P)
    • Mikom,
    • c
    • Data wydania (P)
    • 2001.
300 -Strefa opisu fizycznego [ , ]
    • a
    • Określenie formy książki i/lub objętość (NP)
    • 353 s. :
    • b
    • Oznaczenie ilustracji (NP)
    • il. ;
    • c
    • Format (NP)
    • 24 cm.
336 -Typ zawartości [ , ]
    • a
    • Termin opisujący typ zawartości
    • Tekst
    • b
    • Kod określający zawartość
    • txt
    • 2
    • Źródło (terminu i kodu)
    • rdacontent
337 -Typ mediów [ , ]
    • a
    • Tryb odtwarzania
    • Bez urządzenia pośredniczącego
    • b
    • Kod typu mediów
    • n
    • 2
    • Źródło (terminu i kodu)
    • rdamedia
338 -Typ/rodzaj nośnika [ , ]
    • a
    • Hasło opisujące typ nośnika
    • Wolumin
    • b
    • Kod typu nośnika
    • nc
    • 2
    • Źródło (terminu i kodu)
    • rdacarrier
490 -Strefa serii i książki wielotomowej - forma nie do wyszukiwania [1, ]
    • a
    • Tytuł (P)
    • Nowa Biblioteka Programisty Find
830 -Hasło dodatkowe serii i opisu książki wielotomowej - tytuł ujednolicony/tytuł [ ,0]
    • a
    • Tytuł ujednolicony/tytuł (NP)
    • Nowa Biblioteka Programisty
    • 9
    • KHW
    • 700988
500 -Uwaga ogólna [ , ]
    • a
    • Uwaga ogólna (NP)
    • Na s. tyt. i okł.: ... z każdym bitem serca.
500 -Uwaga ogólna [ , ]
    • a
    • Uwaga ogólna (NP)
    • Na okł.: Informacje zgodne z Microsoft Access 97/2000 i Microsoft SQL Server 6.X/7.0.
504 -Uwaga dot. bibliogr. załącznikowej [ , ]
    • a
    • Uwaga dot. bibliografii załącznikowej
    • Indeks.
080 -Uniwersalna Klasyfikacja Dziesiętna [ , ]
    • a
    • Symbol klasyfikacji
    • 004.6
    • 9
    • UKD
    • 2116
    • 2
    • Identyfikator wydania tablic
    • UDC-P058
    • b
    • Dopowiedzenie
    • Dane. Bazy danych.
080 -Uniwersalna Klasyfikacja Dziesiętna [ , ]
    • a
    • Symbol klasyfikacji
    • :004.432
650 -Hasło przedmiotowe [ ,7]
    • a
    • Hasło przedmiotowe
    • Microsoft Access (oprogramowanie).
    • 2
    • Źródło terminu
    • kaba
    • 9
    • KHW
    • 119205
650 -Hasło przedmiotowe [ ,7]
    • a
    • Hasło przedmiotowe
    • Oprogramowanie sieciowe.
    • 2
    • Źródło terminu
    • kaba
    • 9
    • KHW
    • 122516
650 -Hasło przedmiotowe [ ,7]
    • a
    • Hasło przedmiotowe
    • Sybase SQL Server (oprogramowanie).
    • 2
    • Źródło terminu
    • kaba
    • 9
    • KHW
    • 131684
980 -Symbol UKD [ , ]
    • a
    • UKD
    • 004.6:004.432
700 -Hasło dodatkowe - nazwa osobowa [1, ]
    • a
    • Nazwa osobowa (NP)
    • Zieliński, Andrzej Find
    • c
    • Dopowiedzenie inne niż daty biograficzne (NP)
    • (informatyk).
    • e
    • Określenie rodzaju współpracy
    • Tł.
    • 9
    • KHW
    • 695924
920 -ISBN [ , ]
    • a
    • ISBN
    • 83-7279-150-3 Find
Status udost. Numer inwentarzowy Data inwentaryzacji Lokalizacja
-6S.889882002-02-01BE